| 000 | 00456nam a2200193Ia 4500 | ||
|---|---|---|---|
| 005 | 20240823023011.0 | ||
| 008 | 240823s9999||||xx |||||||||||||| ||und|| | ||
| 020 | _a978-81-203-2997-3 | ||
| 041 | _aENGLISH | ||
| 082 | _A621.31042 P7 | ||
| 100 | _aBandyopadhyay M N | ||
| 245 | 0 | _aElectrical Machines | |
| 250 | _a1st | ||
| 260 |
_c2007 _b"PHI,.New " _aNew Delhi |
||
| 500 | _aYES | ||
| 650 |
_aMachine _bElectrical |
||
| 942 | _cBK | ||
| 999 |
_c180508 _d180508 |
||